Đông Dương hấp hối
Đã lưu trong:
| Tác giả chính: | |
|---|---|
| Tác giả khác: | |
| Định dạng: | Sách |
| Ngôn ngữ: | Vietnamese French |
| Được phát hành: |
H.
Công an nhân dân
2015
|
| Phiên bản: | Tái bản lần thứ nhất |
| Những chủ đề: | |
| Các nhãn: |
Thêm thẻ
Không có thẻ, Là người đầu tiên thẻ bản ghi này!
|
| Thư viện lưu trữ: | Mạng thư viện Đại học Đà Nẵng |
|---|
| LEADER | 01133nam a2200325 4500 | ||
|---|---|---|---|
| 001 | 000025291 | ||
| 003 | 21784 | ||
| 005 | 20170915090946.0 | ||
| 008 | 170915s2015 viesd | ||
| 020 | |a 9786047207732 |c 150000đ | ||
| 041 | 1 | |a vie |h fre | |
| 082 | 1 | 4 | |a 959.7041 |b NA-H |
| 100 | 1 | |a Navarre, Henri | |
| 245 | 1 | 0 | |a Đông Dương hấp hối |c Henri Navarre ; Phan Thanh Toàn dịch |
| 250 | |a Tái bản lần thứ nhất | ||
| 260 | |a H. |b Công an nhân dân |c 2015 | ||
| 300 | |a 479 tr. |b ảnh |c 21 cm. | ||
| 650 | 0 | 4 | |a Chiến tranh Đông Dương |x Hồi ký |y 1945-1954 |z Việt Nam |
| 653 | |a Lịch sử Việt Nam | ||
| 700 | 1 | |a Phan Thanh Toàn |e dịch | |
| OWN | |a LSP | ||
| AVA | |a UDN50 |b LSP |d 959.7041 NA-H |e available |t Error 5001 Not defined in file expand_doc_bib_avail. |f 2 |g 0 |h N |i 0 |k 1 | ||
| 999 | |a From the UDN01 | ||
| AVA | |a UDN50 |b LSP |d 959.7041 NA-H |e available |t Error 5001 Not defined in file expand_doc_bib_avail. |f 2 |g 0 |h N |i 0 |k 1 | ||
| TYP | |a Monograph | ||
| TYP | |a Printed language | ||
| 980 | |a Mạng thư viện Đại học Đà Nẵng | ||


